[Event "Nizhnij Novgorod Dubinin Memorial 22nd"]
[Site "Nizhnij Novgorod"]
[Date "2015.??.??"]
[Round "1"]
[White "Semenov, Maxim"]
[Black "Poljakov, Andrei"]
[Result "1-0"]
[WhiteElo "2038"]
[BlackElo "1594"]
[PlyCount "43"]
[EventDate "2015.01.03"]
[EventType "swiss"]
[EventRounds "9"]
[EventCountry "RUS"]
[SourceTitle "CBM 164 Extra"]
[Source "ChessBase"]
[SourceDate "2015.03.02"]
[SourceVersion "1"]
[SourceVersionDate "2015.03.02"]
[SourceQuality "1"]

1. Nf3 d5 2. c4 e6 3. g3 Nf6 4. Bg2 Be7 5. 0-0 0-0 6. b3 Nbd7 7. Bb2 c6 8. d4 Qc7 9. Nbd2 b6 10. Qc2 c5 11. cxd5 exd5 12. Rac1 Ba6 13. Rfe1 Rac8 14. e4 dxe4 15. Nxe4 Bb7 16. Nxf6+ Nxf6 17. dxc5 Qxc5 18. Qe2 Bxf3 19. Bxf3 Qf5 20. Rxc8 Rxc8 21. Bxf6 gxf6 22. Bg4 1-0

[Event "Nizhnij Novgorod Dubinin Memorial 22nd"]
[Site "Nizhnij Novgorod"]
[Date "2015.??.??"]
[Round "2"]
[White "Shilnikov, Igor S"]
[Black "Semenov, Maxim"]
[Result "0-1"]
[WhiteElo "1862"]
[BlackElo "2038"]
[PlyCount "80"]
[EventDate "2015.01.03"]
[EventType "swiss"]
[EventRounds "9"]
[EventCountry "RUS"]
[SourceTitle "CBM 164 Extra"]
[Source "ChessBase"]
[SourceDate "2015.03.02"]
[SourceVersion "1"]
[SourceVersionDate "2015.03.02"]
[SourceQuality "1"]

1. d4 Nf6 2. Nf3 g6 3. Bf4 Bg7 4. Nbd2 c5 5. e3 b6 6. Be2 0-0 7. 0-0 Bb7 8. c3 d6 9. Rc1 Nc6 10. Qa4 a6 11. b4 b5 12. Qb3 c4 13. Qc2 a5 14. a4 axb4 15. axb5 bxc3 16. Nxc4 Nb4 17. Qb3 Nbd5 18. Bg3 Rb8 19. Ra1 Bc6 20. Na5 Bd7 21. Rfb1 Qb6 22. e4 Nc7 23. Bd3 Nxb5 24. e5 Nh5 25. exd6 exd6 26. Bxb5 Qxb5 27. Bxd6 Qxb3 28. Nxb3 Bf5 29. h3 Bxb1 30. Bxb8 Rxb8 31. Rxb1 c2 32. Rc1 Rxb3 33. Rxc2 Rb8 34. Rc7 Nf4 35. Re7 Bf6 36. Re4 Nd5 37. g4 Rd8 38. g5 Bg7 39. Kg2 Nc3 40. Re3 Nb5 0-1

[Event "Nizhnij Novgorod Region-ch"]
[Site "Nizhnij Novgorod"]
[Date "2013.??.??"]
[Round "6"]
[White "Semenov, Maxim"]
[Black "Kudriashov, Alexander"]
[Result "1/2-1/2"]
[WhiteElo "1989"]
[BlackElo "2156"]
[PlyCount "100"]
[EventDate "2013.10.19"]
[EventType "swiss"]
[EventRounds "9"]
[EventCountry "RUS"]
[SourceTitle "EXT 2014"]
[Source "ChessBase"]
[SourceDate "2013.11.20"]
[SourceVersion "1"]
[SourceVersionDate "2013.11.20"]
[SourceQuality "1"]

1. e4 c6 2. d4 d5 3. Nc3 dxe4 4. Nxe4 Bf5 5. Ng3 Bg6 6. h4 h6 7. Nf3 Nd7 8. h5 Bh7 9. Bd3 Bxd3 10. Qxd3 e6 11. Bf4 Qa5+ 12. Bd2 Qc7 13. 0-0-0 Ngf6 14. Ne4 0-0-0 15. g3 Nc5 16. Nxc5 Bxc5 17. c4 Bd6 18. Qe2 c5 19. Bc3 Kb8 20. Kb1 Ka8 21. d5 exd5 22. cxd5 Qd7 23. Qc2 Rhe8 24. Bxf6 gxf6 25. Nh4 Qg4 26. Nf5 Bf8 27. Rh4 Qf3 28. Ne3 Bd6 29. Rc1 Bxg3 30. fxg3 Qxe3 31. Qxc5 Qd3+ 32. Ka1 Qxd5 33. Qxd5 Rxd5 34. a3 a5 35. Rf4 Rxh5 36. Rxf6 Re7 37. Rcf1 Rh2 38. Rxf7 Ree2 39. R1f5 Rxb2 40. Rxa5+ Kb8 41. a4 Rbe2 42. Rb5 Re1+ 43. Rb1 Rxb1+ 44. Kxb1 Ka7 45. g4 Rg2 46. Rg7 Ka6 47. Kc1 b6 48. Rg8 Ka5 49. Ra8+ Kb4 50. Ra6 Rxg4 1/2-1/2

[Event "Nizhnij Novgorod Region-ch"]
[Site "Nizhnij Novgorod"]
[Date "2012.10.14"]
[Round "?"]
[White "Semenov, Maxim"]
[Black "Goltsev, Dmitry"]
[Result "1/2-1/2"]
[WhiteElo "2002"]
[BlackElo "1922"]
[PlyCount "68"]
[EventDate "2012.10.06"]
[EventType "swiss"]
[EventRounds "9"]
[EventCountry "RUS"]
[SourceTitle "EXT 2022"]
[Source "ChessBase"]
[SourceDate "2021.10.06"]
[SourceVersion "1"]
[SourceVersionDate "2021.10.06"]
[SourceQuality "1"]

1. e4 c5 2. Nf3 e6 3. d4 cxd4 4. Nxd4 a6 5. Bd3 Qc7 6. 0-0 Nf6 7. Qe2 Bd6 8. Kh1 Nc6 9. Nxc6 bxc6 10. f4 e5 11. Nd2 0-0 12. Nc4 Re8 13. fxe5 Bxe5 14. Nxe5 Qxe5 15. Bf4 Qxb2 16. Rab1 Qd4 17. e5 d6 18. Rbe1 Ng4 19. Qd2 Qc5 20. exd6 Rxe1 21. Qxe1 Bf5 22. Qg3 Re8 23. h3 Bxd3 24. cxd3 Nf6 25. Bg5 Qe5 26. Qxe5 Rxe5 27. Bxf6 gxf6 28. Rc1 Rd5 29. Rxc6 a5 30. Ra6 Rxd3 31. Rxa5 Rxd6 32. Kh2 Rd3 33. a4 Ra3 34. Ra8+ Kg7 1/2-1/2

[Event "Nizhnij Novgorod Region-ch"]
[Site "Nizhnij Novgorod"]
[Date "2012.10.12"]
[Round "?"]
[White "Semenov, Maxim"]
[Black "Bystrov, Nikolay"]
[Result "1-0"]
[WhiteElo "2002"]
[BlackElo "2010"]
[PlyCount "91"]
[EventDate "2012.10.06"]
[EventType "swiss"]
[EventRounds "9"]
[EventCountry "RUS"]
[SourceTitle "EXT 2022"]
[Source "ChessBase"]
[SourceDate "2021.10.06"]
[SourceVersion "1"]
[SourceVersionDate "2021.10.06"]
[SourceQuality "1"]

1. e4 c5 2. Nf3 d6 3. d4 cxd4 4. Nxd4 Nf6 5. Nc3 g6 6. Be3 Bg7 7. f3 0-0 8. Qd2 Nc6 9. Bc4 Bd7 10. Bb3 Rc8 11. 0-0-0 Ne5 12. Kb1 Nc4 13. Bxc4 Rxc4 14. g4 a5 15. h4 a4 16. h5 a3 17. b3 Rc8 18. Nd5 Nxd5 19. exd5 Qc7 20. c4 e5 21. dxe6 fxe6 22. hxg6 hxg6 23. Bh6 Rf7 24. Bxg7 Rxg7 25. f4 e5 26. fxe5 dxe5 27. Rdf1 Bxg4 28. Qh6 Rh7 29. Qxg6+ Qg7 30. Qxh7+ Qxh7+ 31. Rxh7 Kxh7 32. Nb5 Rd8 33. Nxa3 Rd2 34. Nc2 Be2 35. Rf2 e4 36. Kc1 Rd1+ 37. Kb2 Bd3 38. c5 Kg6 39. Kc3 Rc1 40. b4 Kg5 41. a4 Kg4 42. b5 Kg3 43. Rd2 Rxc2+ 44. Rxc2 Bxc2 45. c6 bxc6 46. b6 1-0

[Event "Nizhnij Novgorod Region-ch"]
[Site "Nizhnij Novgorod"]
[Date "2012.10.06"]
[Round "?"]
[White "Karasev, Georgy"]
[Black "Semenov, Maxim"]
[Result "0-1"]
[WhiteElo "1780"]
[BlackElo "2002"]
[PlyCount "70"]
[EventDate "2012.10.06"]
[EventType "swiss"]
[EventRounds "9"]
[EventCountry "RUS"]
[SourceTitle "EXT 2022"]
[Source "ChessBase"]
[SourceDate "2021.10.06"]
[SourceVersion "1"]
[SourceVersionDate "2021.10.06"]
[SourceQuality "1"]

1. e4 e5 2. Bc4 Nc6 3. a3 Bc5 4. Nf3 d6 5. h3 f5 6. exf5 Bxf5 7. d3 Nge7 8. Nc3 d5 9. Ba2 0-0 10. Na4 Bd6 11. Bg5 Qd7 12. Nc3 Be6 13. Bxe7 Bxe7 14. Qe2 Bf6 15. 0-0-0 b5 16. Rhe1 b4 17. axb4 Nxb4 18. Bb3 Rae8 19. Kb1 d4 20. Ba4 c6 21. Ne4 Qd5 22. Nxf6+ Rxf6 23. b3 Bxh3 24. Ng5 Bf5 25. f3 Qc5 26. Qd2 Nd5 27. Kb2 Nc3 28. Ra1 h6 29. Ne4 Bxe4 30. dxe4 Qb4 31. Re2 Rb8 32. Kc1 a5 33. Rf2 Rd6 34. Qd3 Nxa4 35. Rxa4 Qe1+ 0-1

[Event "Nizhnij Novgorod Dubinin Memorial 19th"]
[Site "Nizhnij Novgorod"]
[Date "2012.01.??"]
[Round "8"]
[White "Semenov, Maxim"]
[Black "Mandrikov, Sergey"]
[Result "0-1"]
[WhiteElo "1940"]
[BlackElo "2109"]
[PlyCount "40"]
[EventDate "2012.01.??"]
[EventType "swiss"]
[EventRounds "9"]
[EventCountry "RUS"]
[SourceTitle "EXT 2015"]
[Source "ChessBase"]
[SourceDate "2014.11.20"]
[SourceVersion "1"]
[SourceVersionDate "2014.11.20"]
[SourceQuality "1"]

1. e4 c5 2. Nf3 e6 3. d4 cxd4 4. Nxd4 Nf6 5. Nc3 Bb4 6. e5 Nd5 7. Bd2 Bxc3 8. bxc3 Qc7 9. f4 0-0 10. c4 Qb6 11. cxd5 Qxd4 12. Bd3 exd5 13. Rb1 Nc6 14. Qh5 g6 15. Qf3 a6 16. Be3 Qc3+ 17. Bd2 Qc5 18. Be3 d4 19. Bd2 d6 20. 0-0 dxe5 0-1

[Event "Nizhnij Novgorod Voroniatov Memor 6th"]
[Site "Nizhnij Novgorod"]
[Date "2009.05.??"]
[Round "8"]
[White "Jevtushenko, VV."]
[Black "Semenov, Maxim"]
[Result "1/2-1/2"]
[WhiteElo "1976"]
[BlackElo "1920"]
[PlyCount "44"]
[EventDate "2009.05.03"]
[EventType "swiss"]
[EventRounds "8"]
[EventCountry "RUS"]
[SourceTitle "EXT 2022"]
[Source "ChessBase"]
[SourceDate "2021.10.06"]
[SourceVersion "1"]
[SourceVersionDate "2021.10.06"]
[SourceQuality "1"]

1. d4 d5 2. c4 c6 3. Nc3 Nf6 4. cxd5 cxd5 5. Nf3 Bf5 6. Bf4 e6 7. e3 Nc6 8. Bb5 Nd7 9. 0-0 Be7 10. Bxc6 bxc6 11. Rc1 c5 12. dxc5 Nxc5 13. Na4 Nxa4 14. Qxa4+ Qd7 15. Qxd7+ Kxd7 16. h3 f6 17. Rc3 Rhc8 18. Rfc1 Rxc3 19. Rxc3 Rc8 20. Rxc8 Kxc8 21. Nd4 Bd3 22. Nc6 Bc5 1/2-1/2

[Event "Nizhnij Novgorod Voroniatov Memor 5th"]
[Site "Nizhnij Novgorod"]
[Date "2008.06.14"]
[Round "?"]
[White "Kolesnikov, Lev"]
[Black "Semenov, Maxim"]
[Result "1-0"]
[WhiteElo "1819"]
[BlackElo "1950"]
[PlyCount "65"]
[EventDate "2008.06.14"]
[EventType "swiss"]
[EventRounds "9"]
[EventCountry "RUS"]
[SourceTitle "EXT 2022"]
[Source "ChessBase"]
[SourceDate "2021.10.06"]
[SourceVersion "1"]
[SourceVersionDate "2021.10.06"]
[SourceQuality "1"]

1. Nf3 Nf6 2. c4 g6 3. d4 Bg7 4. Nc3 0-0 5. e4 d6 6. Be2 e5 7. d5 Nbd7 8. 0-0 Nc5 9. Qc2 a5 10. Re1 Ne8 11. Be3 Nd7 12. Na4 f5 13. exf5 gxf5 14. Bg5 Ndf6 15. c5 h6 16. Bh4 f4 17. Rad1 Rb8 18. Kh1 b5 19. cxb6 cxb6 20. g3 e4 21. Nd4 Bd7 22. gxf4 b5 23. Nc3 Qb6 24. Ne6 Rc8 25. Nxf8 Kxf8 26. Qb1 Rc4 27. Bxc4 bxc4 28. Nxe4 Bg4 29. Nxf6 Bf3+ 30. Kg1 Bxf6 31. Bxf6 Nxf6 32. Qf5 Qd8 33. Rc1 1-0